000 00546pab a2200181 454500
008 180718b2005 xxu||||| |||| 00| 0 eng d
100 _aSwain, Mamta
245 _aOrganizing farmers for water management in Orissa: policies, programmes and implementation
260 _c2005
300 _ap.102-28.
362 _aJul-Sep
650 _aFarmers - India - Orissa
650 _aWater resources management - India - Orissa
650 _aWater resources management
700 _aSwain, Mrutyunjay
773 _aIASSI Quarterly
909 _a71817
999 _c71817
_d71817